Los cuatro nocturnos y una lenta iluminación cerca de Cherbourg

Zapisane w:
Opis bibliograficzny
1. autor: Pedros, Ramón
Format: Książka
Język:Undetermined
Wydane: Madrid, España Cultura Hispánica 1974
Hasła przedmiotowe:
Etykiety: Dodaj etykietę
Nie ma etykietki, Dołącz pierwszą etykiete!

MARC

LEADER 00000nam a2200000Ia 4500
008 170316s9999 xx 000 0 und d
040 |a cru BVZT 
090 |a 862 P-7c 
100 |a Pedros, Ramón 
245 |a Los cuatro nocturnos y una lenta iluminación cerca de Cherbourg 
260 |a Madrid, España 
260 |b Cultura Hispánica 
260 |c 1974 
300 |a 68 páginas 
650 |a LITERATURA ESPAÑOLA 
999 |c 10309  |d 10309 
942 |c 15 D  |h 862 P-7c  |2 z